Henry VIII Marriages - Statistics

General Stats
  • This quiz has been taken 48 times
  • The average score is 13 of 20
Answer Stats
Hint Answer % Correct
How many wives did he have? 6
100%
Who was his second wife? Anne Boleyn
90%
Who was his first wife? Catherine of Aragon
90%
What happened to his second wife? Beheaded
87%
What happened to his third wife? Died
85%
How did his marriage to his first wife end? Divorce
85%
How did his marriage to his fourth wife end? Divorce
82%
Who was his fourth wife? Anne of Cleves
79%
What happened to his fifth wife? Beheaded
79%
Who was his third wife? Jane Seymour
79%
Who was his sixth wife? Katherine Parr
77%
Who was his fifth wife? Catherine Howard
72%
What year did he get married to his third wife? 1536
44%
What year did he get married to his second wife? 1533
41%
What year did he get married to his fourth wife? 1540
41%
When did he get married to his fifth wife? 1540
41%
When did he get married to his sixth wife? 1543
38%
What year did he get married to his first wife? 1509
36%
Who organised his marriage to his fourth wife? Thomas Cromwell
33%
How did his marriage to his sixth wife end? Henry died
18%
No matching quizzes found
Score Distribution
Percent of People with Each Score
Percentile by Number Answered
Your Score History
You have not taken this quiz